000 00419nam a22001457a 4500
003 SGT
082 _a617.3
_bE22R
100 _aRAINA, NAINA
245 _aEFFICACY OF ECCENTRIC ROTATOR CUFF TRAINING ON THE SCAPULAR AND HUMERAL KINEMATICS IN PATIENTS WITH SUBACROMIAL IMPINGEMENT SYNDROME
260 _aGURUGRAM
_bSGT UNIVERSITY
_c2022
300 _a101
650 _aORTHOPEDICS
653 _aMPT
942 _2ddc
_cTH
999 _c32209
_d32209